| 000 | 00600nam a2200193Ia 4500 | ||
|---|---|---|---|
| 008 | 140626s9999 xx 000 0 und d | ||
| 100 | _aSau-lai, J. | ||
| 245 |
_aMassage as theraphy for persons with intellectual disabilities : _b a review of the literature / _cJ Sau-lai ... [et al.]. |
||
| 260 | _cc2011. | ||
| 300 | _a15 : 1, page 47 | ||
| 440 | _aJournal of Intellectual Disabilities | ||
| 521 | _aSPED | ||
| 650 | _aChallenging behaviors. | ||
| 650 | _aIntellectual disability. | ||
| 650 | _aMassage. | ||
| 650 | _aRelaxation. | ||
| 650 | _aSelf-stimulating behaviors. | ||
| 942 | _cSE | ||
| 999 |
_c120961 _d120961 |
||